[Event "Salzano op-B"]
[Site "Salzano"]
[Date "2017.12.03"]
[Round "4"]
[White "Bordin, Silvia"]
[Black "Viviani, Bruno"]
[Result "1-0"]
[WhiteElo "1622"]
[BlackElo "1630"]
[PlyCount "69"]
[EventDate "2017.12.01"]
[EventType "swiss"]
[EventRounds "5"]
[EventCountry "ITA"]
[SourceTitle "EXT 2022"]
[Source "ChessBase"]
[SourceDate "2021.10.06"]
[SourceVersion "1"]
[SourceVersionDate "2021.10.06"]
[SourceQuality "1"]

1. e4 Nf6 2. e5 Nd5 3. c4 Nb6 4. c5 Nd5 5. d4 d6 6. cxd6 cxd6 7. Nf3 Bg4 8. Bc4 dxe5 9. dxe5 e6 10. 0-0 Nc6 11. Bb5 Qc7 12. Nbd2 Rd8 13. Qa4 Bxf3 14. Nxf3 Be7 15. Qxa7 0-0 16. Bxc6 Qxc6 17. Qd4 Qc2 18. Qg4 Rfe8 19. b3 Kh8 20. Qh5 g6 21. Qg4 Qf5 22. Qxf5 exf5 23. Bb2 Kg8 24. g3 Bc5 25. Kg2 Nb4 26. Ba3 b6 27. Bxb4 Bxb4 28. a4 Bc3 29. Rad1 Rxd1 30. Rxd1 Bxe5 31. Nxe5 Rxe5 32. Rd6 Re6 33. Rxe6 fxe6 34. b4 Kf7 35. a5 1-0

[Event "Mogliano Veneto op-B 38th"]
[Site "Mogliano Veneto"]
[Date "2017.04.29"]
[Round "1.18"]
[White "Viviani, Bruno"]
[Black "Rosina, Graziano"]
[Result "0-1"]
[WhiteElo "1642"]
[BlackElo "1811"]
[PlyCount "56"]
[EventDate "2017.04.29"]
[EventType "swiss"]
[EventRounds "5"]
[EventCountry "ITA"]
[SourceTitle "EXT 2023"]
[Source "ChessBase"]
[SourceDate "2022.10.05"]
[SourceVersion "1"]
[SourceVersionDate "2022.10.05"]
[SourceQuality "1"]

1. Nf3 Nf6 2. c4 c5 3. g3 Nc6 4. Bg2 d5 5. b3 d4 6. d3 e5 7. 0-0 Be7 8. Re1 0-0 9. Nbd2 Bf5 10. a3 Qd7 11. Ng5 Rae8 12. Nge4 Nxe4 13. Nxe4 Bh3 14. Bh1 Qg4 15. f4 Qg6 16. Nf2 Bc8 17. fxe5 Nxe5 18. Rb1 h5 19. Bf4 Ng4 20. Nxg4 Qxg4 21. Bf3 Qg6 22. e3 h4 23. exd4 hxg3 24. Bxg3 cxd4 25. Qd2 Bg5 26. Qg2 Qxd3 27. Be4 Be3+ 28. Rxe3 Qxe3+ 0-1

[Event "Mestre Cipressina op-B 5th"]
[Site "Mestre"]
[Date "2016.11.25"]
[Round "1"]
[White "Santo Fernando, Manuel"]
[Black "Viviani, Bruno"]
[Result "1-0"]
[WhiteElo "1400"]
[BlackElo "1663"]
[PlyCount "47"]
[EventDate "2016.11.25"]
[EventType "swiss"]
[EventRounds "5"]
[EventCountry "ITA"]
[SourceTitle "EXT 2022"]
[Source "ChessBase"]
[SourceDate "2021.10.06"]
[SourceVersion "1"]
[SourceVersionDate "2021.10.06"]
[SourceQuality "1"]

1. e4 d6 2. d4 Nf6 3. Nc3 g6 4. Be3 Bg7 5. Qd2 c6 6. Be2 Nbd7 7. Bh6 Bxh6 8. Qxh6 Qa5 9. f3 b5 10. 0-0-0 b4 11. Nb1 Qxa2 12. Nh3 Nb6 13. b3 Ba6 14. Bxa6 Qxa6 15. e5 Nfd5 16. exd6 e6 17. Qg7 0-0-0 18. Ng5 h6 19. Nxf7 Qb7 20. Qxg6 Rhg8 21. Qxe6+ Rd7 22. Ne5 Rg5 23. Nxd7 Nxd7 24. Qe8# 1-0

[Event "Cipressina op-A 2nd"]
[Site "Venice"]
[Date "2013.11.30"]
[Round "2"]
[White "Zangrando, Gianpietro"]
[Black "Viviani, Bruno"]
[Result "1-0"]
[WhiteElo "1849"]
[BlackElo "1733"]
[PlyCount "65"]
[EventDate "2013.11.29"]
[EventType "swiss"]
[EventRounds "5"]
[EventCountry "ITA"]
[SourceTitle "EXT 2015"]
[Source "ChessBase"]
[SourceDate "2014.11.20"]
[SourceVersion "1"]
[SourceVersionDate "2014.11.20"]
[SourceQuality "1"]

1. Nf3 Nf6 2. c4 g6 3. Nc3 Bg7 4. g3 c5 5. Bg2 Nc6 6. d4 cxd4 7. Nxd4 0-0 8. 0-0 Nxd4 9. Qxd4 d6 10. Qd3 a6 11. h3 Qc7 12. Kh2 Be6 13. Nd5 Bxd5 14. cxd5 Nd7 15. Rb1 Rac8 16. Be3 Qc2 17. Be4 Qa4 18. f4 f5 19. Bf3 Qxa2 20. g4 Qc4 21. Qa3 Nf6 22. gxf5 gxf5 23. Rbc1 Qb5 24. Rcd1 Rc2 25. Rg1 Kh8 26. Bd4 Rxe2+ 27. Bxe2 Qxe2+ 28. Kh1 Qe4+ 29. Rg2 Rg8 30. Qe3 Qxd5 31. Qxe7 Nh5 32. Bxg7+ Rxg7 33. Qxg7+ 1-0

[Event "Mogliano Veneto op-B 34th"]
[Site "Mogliano Veneto"]
[Date "2013.04.28"]
[Round "5"]
[White "Zangrando, Gianpietro"]
[Black "Viviani, Bruno"]
[Result "1/2-1/2"]
[WhiteElo "1784"]
[BlackElo "1729"]
[PlyCount "58"]
[EventDate "2013.04.25"]
[EventType "swiss"]
[EventRounds "6"]
[EventCountry "ITA"]
[SourceTitle "EXT 2015"]
[Source "ChessBase"]
[SourceDate "2014.11.20"]
[SourceVersion "1"]
[SourceVersionDate "2014.11.20"]
[SourceQuality "1"]

1. Nf3 Nf6 2. c4 g6 3. Nc3 d5 4. d4 Bg7 5. g3 0-0 6. Bg2 c5 7. cxd5 Nxd5 8. 0-0 Nc6 9. Nxd5 Qxd5 10. Ne5 Qxd4 11. Nxc6 bxc6 12. Bxc6 Bh3 13. Qxd4 cxd4 14. Rd1 Rab8 15. Be4 Rfd8 16. Rb1 a5 17. Bd2 a4 18. b3 axb3 19. Rxb3 Be6 20. Rxb8 Rxb8 21. Rb1 Rxb1+ 22. Bxb1 Bc4 23. Kf1 f5 24. a4 e5 25. Bd3 Bd5 26. Ke1 Kf7 27. Bb4 Ke6 28. Kd2 e4 29. Bb5 Be5 1/2-1/2

[Event "Mogliano Veneto op-B 34th"]
[Site "Mogliano Veneto"]
[Date "2013.04.27"]
[Round "4"]
[White "Viviani, Bruno"]
[Black "Sotter Klundt, Gerlinde"]
[Result "1-0"]
[WhiteElo "1729"]
[BlackElo "1803"]
[PlyCount "49"]
[EventDate "2013.04.25"]
[EventType "swiss"]
[EventRounds "6"]
[EventCountry "ITA"]
[SourceTitle "EXT 2015"]
[Source "ChessBase"]
[SourceDate "2014.11.20"]
[SourceVersion "1"]
[SourceVersionDate "2014.11.20"]
[SourceQuality "1"]

1. d4 d5 2. Nc3 e6 3. Nf3 Nf6 4. Bg5 Be7 5. Bxf6 Bxf6 6. e4 0-0 7. Bd3 c6 8. h4 Re8 9. e5 Be7 10. Qd2 f5 11. exf6 Bxf6 12. Ne2 Nd7 13. Ng5 Nf8 14. f4 h6 15. Nf3 Qe7 16. g4 g6 17. g5 Bg7 18. h5 gxh5 19. gxh6 Bxh6 20. 0-0-0 Qf6 21. Ne5 Re7 22. Rxh5 Nd7 23. Rdh1 Bg7 24. Bh7+ Kf8 25. Ng6+ 1-0

[Event "Noale Szabados Memorial-B 5th"]
[Site "Noale"]
[Date "2012.02.05"]
[Round "5"]
[White "Dal Bianco, Nicola"]
[Black "Viviani, Bruno"]
[Result "1-0"]
[WhiteElo "1660"]
[BlackElo "1759"]
[PlyCount "83"]
[EventDate "2012.02.03"]
[EventType "swiss"]
[EventRounds "5"]
[EventCountry "ITA"]
[SourceTitle "EXT 2022"]
[Source "ChessBase"]
[SourceDate "2021.10.06"]
[SourceVersion "1"]
[SourceVersionDate "2021.10.06"]
[SourceQuality "1"]

1. c4 Nf6 2. Nc3 g6 3. e4 d6 4. d4 Bg7 5. Nf3 0-0 6. Be2 c5 7. dxc5 dxc5 8. 0-0 Nc6 9. a3 a6 10. Qc2 Qc7 11. Nd5 Nxd5 12. exd5 Bf5 13. Bd3 Bg4 14. dxc6 Bxf3 15. gxf3 Be5 16. cxb7 Rab8 17. Qd2 Qd7 18. Qe2 Bc7 19. Be4 Qh3 20. f4 g5 21. Bg2 Qh4 22. Qxe7 Bxf4 23. Bxf4 Qxf4 24. Qxc5 Rfe8 25. Rad1 Re6 26. Rd4 Qf6 27. b4 Re5 28. Qc7 Ree8 29. Rd6 Qf4 30. c5 h5 31. Qb6 h4 32. Rf6 Qg4 33. h3 Qd4 34. Qd6 Qc3 35. c6 Kg7 36. Rf3 Qc4 37. Qf6+ Kf8 38. Qh6+ Kg8 39. Qxg5+ Kf8 40. Rf4 Qd3 41. Rxh4 Re6 42. Qc5+ 1-0

[Event "Noale Szabados Memorial-B 5th"]
[Site "Noale"]
[Date "2012.02.04"]
[Round "2"]
[White "Viviani, Bruno"]
[Black "Kove, Sotir"]
[Result "1-0"]
[WhiteElo "1759"]
[BlackElo "1533"]
[PlyCount "95"]
[EventDate "2012.02.03"]
[EventType "swiss"]
[EventRounds "5"]
[EventCountry "ITA"]
[SourceTitle "EXT 2022"]
[Source "ChessBase"]
[SourceDate "2021.10.06"]
[SourceVersion "1"]
[SourceVersionDate "2021.10.06"]
[SourceQuality "1"]

1. d4 d5 2. Nc3 e6 3. e4 c5 4. exd5 cxd4 5. Qxd4 Nf6 6. Bb5+ Nc6 7. Bg5 Be7 8. 0-0-0 0-0 9. dxc6 Qa5 10. Qa4 Qb6 11. Be3 Qc7 12. Nge2 a6 13. cxb7 Bxb7 14. Bd3 Bxg2 15. Bf4 e5 16. Rhg1 Bc6 17. Bxe5 Qb6 18. Qf4 a5 19. Be4 Bxe4 20. Nxe4 Kh8 21. Bxf6 gxf6 22. Qe3 Qe6 23. N4c3 Qxe3+ 24. fxe3 Rab8 25. Nd4 Rfc8 26. Nd5 Bd8 27. Rdf1 Rb7 28. Nxf6 Bb6 29. Rf5 Bxd4 30. exd4 Rb6 31. Ne4 Rbc6 32. c3 Rd8 33. Nc5 Rc7 34. h4 Re8 35. Kd2 Rce7 36. Re5 Rxe5 37. dxe5 Rxe5 38. Rg5 f5 39. Nd3 Rd5 40. Ke3 h6 41. Rg2 Kh7 42. Nf4 Rb5 43. h5 Re5+ 44. Kd3 Re4 45. Nd5 Re6 46. Re2 Rd6 47. Re7+ Kg8 48. c4 1-0

[Event "Noale Szabados Memorial-B 5th"]
[Site "Noale"]
[Date "2012.02.03"]
[Round "1"]
[White "Cedriano, Filippo"]
[Black "Viviani, Bruno"]
[Result "1-0"]
[WhiteElo "1982"]
[BlackElo "1759"]
[PlyCount "67"]
[EventDate "2012.02.03"]
[EventType "swiss"]
[EventRounds "5"]
[EventCountry "ITA"]
[SourceTitle "EXT 2022"]
[Source "ChessBase"]
[SourceDate "2021.10.06"]
[SourceVersion "1"]
[SourceVersionDate "2021.10.06"]
[SourceQuality "1"]

1. Nf3 Nf6 2. d4 g6 3. Nc3 d5 4. Bg5 Bg7 5. Bxf6 Bxf6 6. Qd2 Bg7 7. h4 h5 8. Qf4 Bf5 9. Ne5 Qd6 10. e3 Nd7 11. Bd3 Bh6 12. Qf3 Nxe5 13. dxe5 Qxe5 14. Bxf5 gxf5 15. Qxd5 Bg7 16. Qxb7 0-0 17. Qf3 Qa5 18. 0-0 Rab8 19. Nd5 Qc5 20. Qxf5 Qd6 21. Rad1 Rxb2 22. Qxh5 Rxc2 23. Qg5 Rb8 24. h5 Kh8 25. Nf4 Qh6 26. Qf5 Qh7 27. Qxf7 Qg8 28. Ng6+ Kh7 29. Qf5 e6 30. Qxc2 Rb2 31. Qe4 Kh6 32. g4 Bf6 33. Qf4+ Bg5 34. Qf8+ 1-0

[Event "Mogliano Veneto op-B 32nd"]
[Site "Mogliano Veneto"]
[Date "2011.05.01"]
[Round "4"]
[White "Viviani, Bruno"]
[Black "Stefan, Marco"]
[Result "1/2-1/2"]
[WhiteElo "1701"]
[BlackElo "1852"]
[PlyCount "25"]
[EventDate "2011.04.29"]
[EventType "swiss"]
[EventRounds "5"]
[EventCountry "ITA"]
[SourceTitle "EXT 2024"]
[Source "ChessBase"]
[SourceDate "2023.10.10"]
[SourceVersion "1"]
[SourceVersionDate "2023.10.10"]
[SourceQuality "1"]

1. d4 Nf6 2. Nc3 c5 3. d5 g6 4. e4 d6 5. Nf3 Bg7 6. Be2 0-0 7. 0-0 Nbd7 8. a4 a6 9. Bg5 Qc7 10. Nd2 b6 11. Nc4 Bb7 12. Qd2 Rad8 13. Rad1 1/2-1/2

[Event "Noale Szabados Memorial-B 3rd"]
[Site "Noale"]
[Date "2010.02.06"]
[Round "2"]
[White "Viviani, Bruno"]
[Black "Chiarion, Elisa"]
[Result "0-1"]
[WhiteElo "1621"]
[BlackElo "1913"]
[PlyCount "100"]
[EventDate "2010.02.05"]
[EventType "swiss"]
[EventRounds "5"]
[EventCountry "ITA"]
[SourceTitle "EXT 2022"]
[Source "ChessBase"]
[SourceDate "2021.10.06"]
[SourceVersion "1"]
[SourceVersionDate "2021.10.06"]
[SourceQuality "1"]

1. d4 d5 2. Nc3 c6 3. e4 e6 4. Nf3 Bb4 5. exd5 cxd5 6. Bd2 Nf6 7. Bd3 0-0 8. 0-0 Nc6 9. Re1 Re8 10. Ne2 Bd6 11. Bg5 h6 12. Bh4 e5 13. dxe5 Nxe5 14. Nxe5 Bxe5 15. c3 Bxh2+ 16. Kxh2 Ng4+ 17. Kg1 Qxh4 18. Ng3 Qh2+ 19. Kf1 Ne3+ 20. fxe3 Qxg3 21. Qf3 Qd6 22. Rad1 Qh2 23. Bf5 Bxf5 24. Qxf5 Re5 25. Qf4 Qh5 26. Kg1 Rae8 27. Rd2 g5 28. Qg3 R8e6 29. Rd4 Qg6 30. Qf2 Rf5 31. Qd2 g4 32. e4 Rfe5 33. Rxd5 Rxe4 34. Rxe4 Qxe4 35. Rd8+ Kh7 36. Rd4 Qf5 37. Qf4 Qxf4 38. Rxf4 g3 39. Rxf7+ Kg6 40. Rf3 Re1+ 41. Rf1 Re2 42. Rf3 Re1+ 43. Rf1 Re3 44. Rf3 Rxf3 45. gxf3 Kf5 46. Kg2 Kf4 47. c4 h5 48. b4 h4 49. c5 h3+ 50. Kxh3 Kxf3 0-1